000 00296nam a2200109Ia 4500
008 240731s9999 xx 000 0 und d
245 4 _aThe British Journal of Mental Subnormality
260 _bTaylor & Francis
856 _uhttps://www.tandfonline.com/loi/yjdd18
942 _2ddc
942 _cTFEJ
999 _c79870
_d79870
945 _a1
_bMadushi Gamage
_c1
_dMadushi Gamage